[Event "JUG-chT"]
[Site "Nis"]
[Date "1995.??.??"]
[Round "?"]
[White "Cabarkapa, Velibor"]
[Black "Vukovic, Zdravko"]
[Result "0-1"]
[WhiteElo "2355"]
[BlackElo "2470"]

1.e4 c5 2.Nf3 Nc6 3.Nc3 d6 4.d4 cxd4 5.Nxd4 Nf6 6.Bc4 Qb6 7.Nb3 e6 8.O-O Be7
9.a4 O-O 10.Be3 Qc7 11.f4 d5 12.Bd3 dxe4 13.Nxe4 Nd5 14.Bd2 Ncb4 15.Bxb4 Nxb4
16.Rf3 Nxd3 17.Qxd3 Rd8 18.Qe2 Bd7 19.Kh1 Rac8 20.c3 Qc4 21.Qxc4 Rxc4 22.Nd4 Rxa4
23.Rxa4 Bxa4 24.Kg1 h6 25.Kf2 Bd1 26.Re3 Ba4 27.Kf3 a6 28.Ke2 Kf8 29.Rd3 Ke8
30.Ke3 Rd5 31.g3 e5 32.fxe5 Rxe5 33.Kf4 f6 34.g4 Bd7 35.h4 Bxg4 36.Nxf6+ Bxf6
37.Kxg4 Re4+ 38.Kf5 Rxh4 39.Ne6 Rh2 40.b3 Rf2+ 41.Kg6 Rg2+ 42.Kf5 Re2 43.Nc7+ Kf7
44.c4 Re5+ 45.Kg4 h5+ 46.Kg3 g5  0-1

[Event "Noyabrsk"]
[Site "Noyabrsk"]
[Date "1995.??.??"]
[Round "6"]
[White "Drozdov, Igor"]
[Black "Kochetkov, German"]
[Result "1/2-1/2"]
[WhiteElo "2425"]
[BlackElo "2465"]

1.e4 c5 2.Nf3 Nc6 3.Nc3 e5 4.Bc4 Be7 5.d3 d6 6.O-O Nf6 7.Ng5 O-O 8.f4 exf4
9.Bxf4 Ne5 10.Bxe5 dxe5 11.Qe1 a6 12.a4 h6 13.Nf3 Be6 14.Bxe6 fxe6 15.Kh1 Bd6
16.a5 Nd7 17.Nd1 Nb8 18.Ne3 Nc6 19.Nc4 Bc7 20.Qc3 Qb8 21.Nfd2 Nd4 22.Nb3 Qa7
23.Nxd4 exd4 24.Qa3 Rad8 25.g3 Bd6 26.Kg2 Qb8 27.e5 Be7 28.Qb3 Qc8 29.Qa4 Qc7
30.Rxf8+ Bxf8 31.Re1 Be7 32.Re4 h5 33.Qb3 Kh7 34.h4 Qc6 35.Nb6 Rf8 36.Qa4 Qb5
37.b3 Rf7 38.Nc4 Qxa4 39.bxa4 g5 40.Nd6 Rg7 41.hxg5 Bxg5 42.Kh3 Kg6 43.Re1 Bd8
44.Rf1 Rd7 45.Kg2 Be7 46.Nc4 Rd8 47.Rb1 Rd7 48.Kf3 Bd8 49.Nd6 Bxa5 50.Nxb7 Bb4
51.Nd6 Rd8 52.Kg2 Rf8 53.Rh1 Bc3 54.Rh4 Bd2 55.g4 Kg5 56.Rxh5+ Kxg4 57.Rh7 Be3
58.Rg7+ Kf4 59.Nc4 Rf5 60.Rg6 Rg5+ 61.Rxg5 Kxg5 62.Nb6 c4 63.Nxc4 Bf4 64.Na5 Bxe5
65.Nc6 Kf4 66.Kf1 Bf6 67.Ke2 e5 68.Nb4 a5 69.Nc6 e4 70.Nxa5 Ke5 71.dxe4 Kxe4
72.Nb3 Bd8 73.Nd2+ Kd5 74.Kd3 Ba5 75.Nb3 Bb6 76.a5 Bc7 77.a6 Bb6 78.Nd2 Kc5  1/2-1/2

[Event "Noyabrsk"]
[Site "Noyabrsk"]
[Date "1995.??.??"]
[Round "9"]
[White "Drozdov, Igor"]
[Black "Landa, Konstantin"]
[Result "1/2-1/2"]
[WhiteElo "2425"]
[BlackElo "2500"]

1.e4 c5 2.Nf3 Nc6 3.Nc3 e5 4.Bc4 Be7 5.d3 d6 6.O-O Nf6 7.Ng5 O-O 8.f4 exf4
9.Bxf4 h6 10.Nf3 Be6 11.Qd2 d5 12.exd5 Nxd5 13.Bxd5 Bxd5 14.Rae1 Re8 15.Kh1 Bxf3
16.Rxf3 Nd4 17.Rff1 Bf8 18.Ne4 Re6 19.Qf2 b6 20.b4 f5 21.Be3 fxe4 22.Bxd4 Qd7
23.bxc5 Rd8 24.dxe4 Bxc5 25.Bxc5 bxc5 26.Qxc5 Rc8 27.Qa3 Rxc2 28.Qf8+ Kh7
29.Qf5+ Kh8 30.Rd1 Qe7 31.Rd8+ Qxd8 32.Qxe6 Qg5 33.Rf8+ Kh7 34.Qg8+ Kg6  1/2-1/2

[Event "Odorheiu Secuiesc zt"]
[Site "Odorheiu Secuiesc"]
[Date "1995.??.??"]
[Round "5"]
[White "Jansa, Vlastimil"]
[Black "Nevednichy, Vladislav"]
[Result "1-0"]
[WhiteElo "2525"]
[BlackElo "2485"]

1.e4 c5 2.Nc3 Nc6 3.Nge2 d6 4.d4 cxd4 5.Nxd4 Nf6 6.g3 g6 7.Nde2 h5 8.h3 Bd7
9.Bg2 Qc8 10.b3 Bg7 11.Bb2 O-O 12.Qd2 a5 13.Rb1 Rb8 14.Nd5 Nxd5 15.exd5 Nb4
16.Bxg7 Kxg7 17.c3 Na6 18.Nf4 Nc5 19.O-O e5 20.dxe6 Nxe6 21.Nd5 Qc5 22.c4 Bc6
23.Rbd1 Rbe8 24.Qc3+ f6 25.h4 Nd8 26.Rd2 b6 27.Rfd1 Re5 28.Nf4 Bxg2 29.Kxg2 Nf7
30.Qd3 f5 31.Qf3 Qc8 32.Nd5 Qc6 33.Qc3 Kh6 34.Qd4 b5 35.cxb5 Qxb5 36.Kh2 Rc8
37.Ne3 Rce8 38.Nc4 Re4 39.Qf6 Ne5 40.Nxe5 Qxe5 41.Qg5+ Kg7 42.Rxd6 Re6 43.Rd7+ Re7
44.R1d6  1-0

[Event "Odorheiu Secuiesc zt"]
[Site "Odorheiu Secuiesc"]
[Date "1995.??.??"]
[Round "7"]
[White "Jansa, Vlastimil"]
[Black "Groszpeter, Attila"]
[Result "1-0"]
[WhiteElo "2525"]
[BlackElo "2520"]

1.e4 c5 2.Nc3 Nc6 3.Nge2 Nf6 4.d4 cxd4 5.Nxd4 d6 6.g3 e5 7.Nde2 Be7 8.Bg2 O-O
9.O-O Be6 10.h3 Rc8 11.Be3 Qa5 12.Qd2 Rfd8 13.Rfd1 h6 14.b3 Rd7 15.Nd5 Qxd2
16.Rxd2 b5 17.Nxe7+ Nxe7 18.f4 Rdc7 19.c3 Ne8 20.f5 Bd7 21.g4 Bc6 22.c4 bxc4
23.b4 Rb7 24.Nc3 Rxb4 25.Bxa7 Ra8 26.Bf2 Ra3 27.Rc1 g5 28.Be1 Rb8 29.Bf1 Rc8
30.Rdd1 Ba8 31.Rb1 Kg7 32.Rb4 Ra6 33.Rxc4 Rb8 34.Rc7 Nxc7 35.Bxa6 Nxa6 36.f6+ Kf8
37.fxe7+ Kxe7  1-0

[Event "Komercni Banka op"]
[Site "Olomouc"]
[Date "1995.??.??"]
[Round "5"]
[White "Korinkova, G."]
[Black "Divis, Josef"]
[Result "0-1"]
[WhiteElo "1890"]
[BlackElo "2240"]

1.e4 c5 2.Nf3 Nc6 3.Nc3 Nf6 4.d4 cxd4 5.Nxd4 e5 6.Nf3 Bb4 7.Bd3 d5 8.Qe2 d4
9.a3 Ba5 10.b4 Nxb4 11.axb4 Bxb4 12.O-O Bxc3 13.Rb1 Qd6 14.Bb5+ Nd7 15.Qc4 O-O
16.Bxd7 Bxd7 17.Rxb7 Bc8 18.Qc7 Qxc7 19.Rxc7 Ba6 20.Ba3 Rfc8 21.Rxc8+ Rxc8
22.Rb1 f6 23.h3 Ba5 24.Rb2 Kf7 25.Nh4 g6 26.Ra2 Bc4 27.Rb2 Ba6 28.g4 Bb6
29.Kh2 Be2 30.Ng2 Bf3 31.Ne1 Bxe4 32.f3 Bd5  0-1

[Event "CRO-chT2"]
[Site "Opatija"]
[Date "1995.??.??"]
[Round "?"]
[White "Vitic, Ivan"]
[Black "Muhvic, Damir"]
[Result "1-0"]
[WhiteElo "2230"]
[BlackElo "2210"]

1.e4 c5 2.Nc3 Nc6 3.Nf3 Nf6 4.d4 cxd4 5.Nxd4 e5 6.Ndb5 d6 7.Bg5 a6 8.Na3 b5
9.Nd5 Qa5+ 10.Bd2 Qd8 11.Bg5 Qa5+ 12.Bd2 Qd8 13.Nxf6+ Qxf6 14.c4 Qg6 15.f3 Be7
16.Be3 bxc4 17.Nxc4 O-O 18.Nb6 Rb8 19.Nd5 Bg5 20.Qd2 Bxe3 21.Nxe3 Qg5 22.Bc4 Nd4
23.O-O Kh8 24.Rad1 Be6 25.b3 a5 26.Rf2 Qd8 27.f4 Qb6 28.f5 Bxc4 29.Nxc4 Qc6
30.Qxa5 Qxe4 31.Nxd6 Qd5 32.Qxd5  1-0

[Event "CRO-chT2"]
[Site "Opatija"]
[Date "1995.??.??"]
[Round "?"]
[White "Kutuzovic, Branko"]
[Black "Ponos, Velimir"]
[Result "1-0"]
[WhiteElo "2375"]
[BlackElo "2290"]

1.e4 c5 2.Nc3 Nc6 3.Nf3 a6 4.d4 cxd4 5.Nxd4 e5 6.Nf5 d6 7.Bc4 Bxf5 8.exf5 Nf6
9.Bg5 Be7 10.Bxf6 Bxf6 11.Qd5 O-O 12.O-O-O Nd4 13.Ne4 Rc8 14.Bb3 Nxf5 15.Qxb7 Nd4
16.Kb1 Be7 17.Qd5 Qb6 18.Rd2 a5 19.c3 Nb5 20.Qd3 Rc7 21.Ka1 Rb8 22.Ba4 Na7
23.Rhd1 Nc8 24.Qd5 Qa7 25.Bb3 Bf8 26.Qd3 Rcb7 27.Bd5 Rc7 28.Ng5 g6 29.Qh3 h6
30.Ne4 Bg7 31.g4 a4 32.a3 Qb6 33.g5 h5 34.Nf6+ Bxf6 35.gxf6 Rc5 36.Bxf7+ Kh7
37.Bxg6+  1-0

[Event "Osterskars op"]
[Site "Osterskars"]
[Date "1995.??.??"]
[Round "7"]
[White "Wikner, Arvid"]
[Black "Gabriel, Christian"]
[Result "1-0"]
[WhiteElo "2245"]
[BlackElo "2475"]

1.e4 c5 2.Nc3 Nc6 3.Nf3 d6 4.d4 cxd4 5.Nxd4 Nf6 6.Bc4 Qb6 7.Nb3 e6 8.O-O a6
9.a4 Be7 10.Be3 Qc7 11.f4 b6 12.Be2 O-O 13.Bf3 Bb7 14.Qe1 Rfe8 15.Rd1 Bf8
16.Rd2 Nd7 17.Qg3 g6 18.Rfd1 Rad8 19.h4 Nc5 20.h5 Bg7 21.Nxc5 bxc5 22.f5 Ne5
23.hxg6 exf5 24.gxh7+ Kh8 25.Bf4 Qb6 26.exf5 Nxf3+ 27.gxf3 Qxb2 28.Ne2 Qa3
29.Kf2 c4 30.Rg1 Bf6 31.c3 Qc5+ 32.Nd4 Be5 33.Kf1  1-0

[Event "Pardubice op"]
[Site "Pardubice"]
[Date "1995.??.??"]
[Round "?"]
[White "Onoprienko, Vladimir"]
[Black "Shtyrenkov, Veniamen"]
[Result "1/2-1/2"]
[WhiteElo "2370"]
[BlackElo "2455"]

1.e4 c5 2.Nc3 Nc6 3.Nf3 e5 4.Bc4 d6 5.d3 h6 6.Nd2 Be7 7.Nf1 Bg5 8.Ne3 Nf6
9.Ncd5 Nxd5 10.Nxd5 Bxc1 11.Rxc1 Be6 12.O-O O-O 13.c3 Ne7 14.Nxe7+ Qxe7 15.Qb3 b5
16.Bxe6 Qxe6 17.Qxe6 fxe6 18.Rfd1 Rfc8 19.f3 Rab8 20.Kf2 b4 21.c4 Rc6 22.Ke3 Kf7
23.g3 Rf8 24.Rf1 Kg6 25.Rf2 Rc7 26.Rcf1 Rcf7 27.f4 Rf6 28.Rf3 a5 29.Rg1 a4
30.Rg2 R8f7 31.Rgf2 Rf8  1/2-1/2

[Event "Pardubice op"]
[Site "Pardubice"]
[Date "1995.??.??"]
[Round "?"]
[White "Zhelnin, Vladimir V"]
[Black "Babula, Vlastimil"]
[Result "1/2-1/2"]
[WhiteElo "2440"]
[BlackElo "2530"]

1.e4 c5 2.Nc3 Nc6 3.Nge2 d6 4.d4 cxd4 5.Nxd4 Nf6 6.f4 e6 7.Be2 Be7 8.Nb3 O-O
9.O-O a6 10.a4 Na5 11.Nd2 b6 12.Bd3 Qc7 13.Qe2 Nc6 14.Nf3 Nb4 15.Kh1 Bb7
16.Be3 Nd7 17.Nd4 Rfe8 18.Rf3 Bf8 19.Raf1 g6 20.f5 Ne5 21.fxe6 Nxf3 22.exf7+ Qxf7
23.Rxf3 Qd7 24.Bc4+ d5 25.exd5 Nxd5 26.Qd2 Rac8 27.Bb3 Kh8 28.Nde2 Rcd8 29.Bd4+ Bg7
30.Rd3 Qe7 31.Bxg7+ Kxg7 32.Bxd5 Bxd5 33.Rxd5 b5 34.axb5 axb5 35.Qd4+ Qf6
36.Qxf6+ Kxf6 37.Rxd8 Rxd8 38.Kg1 b4 39.Ne4+ Kf5 40.N2g3+ Kf4 41.Nc5 Ke3
42.Nf1+ Ke2 43.Ne6 Rd6 44.Nf4+ Ke1 45.Nd3+ Ke2 46.Nf4+ Ke1 47.b3 Rd4 48.g3 g5
49.Ng2+ Ke2 50.Nge3 Kf3 51.h3 h5 52.h4 gxh4 53.Nf5 Rd1 54.gxh4 Rc1 55.Nd4+ Ke4
56.Ne2 Rxc2 57.Neg3+ Ke5 58.Nxh5 Rb2 59.Nhg3 Rxb3 60.Kf2 Rc3  1/2-1/2

[Event "Pardubice op"]
[Site "Pardubice"]
[Date "1995.??.??"]
[Round "?"]
[White "Purtov, Andrei"]
[Black "Babula, Vlastimil"]
[Result "0-1"]
[WhiteElo "2385"]
[BlackElo "2530"]

1.e4 c5 2.Nc3 Nc6 3.Nge2 d6 4.d4 cxd4 5.Nxd4 Nf6 6.Bc4 e6 7.Be3 Be7 8.Qe2 O-O
9.O-O-O Qc7 10.Bb3 a6 11.g4 Nd7 12.Rhg1 Nc5 13.Nf5 b5 14.Bf4 Rd8 15.Nxe7+ Qxe7
16.f3 Bb7 17.Rd2 Ne5 18.g5 Bc6 19.h4 a5 20.a3 b4 21.Nb1 Rac8 22.Kd1 Qb7 23.Bxe5 dxe5
24.Qe3 Bb5 25.axb4 axb4 26.Rg2 Nxb3 27.cxb3 Qa6 28.Rxd8+ Rxd8+ 29.Rd2 Bd3
30.Ke1 Rd4 31.Rd1 g6 32.Qc1 Qb6 33.Nd2 Rd8 34.Nf1 Qg1 35.Rxd3 Rxd3 36.Ke2 Rxb3
37.Qc2 Qg2+  0-1

[Event "Pardubice op"]
[Site "Pardubice"]
[Date "1995.??.??"]
[Round "?"]
[White "Moroz, Alexander"]
[Black "Hracek, Zbynek"]
[Result "0-1"]
[WhiteElo "2475"]
[BlackElo "2635"]

1.e4 c5 2.Nf3 Nc6 3.Nc3 d6 4.d4 cxd4 5.Nxd4 Nf6 6.Nb3 e6 7.f4 a6 8.Qf3 Qc7
9.Bd3 Be7 10.O-O O-O 11.Be3 Re8 12.Rae1 Nb4 13.Qg3 Nxd3 14.cxd3 b5 15.Bd4 Bb7
16.e5 Nh5 17.Qh3 g6 18.Ne4 Bxe4 19.dxe4 Rac8 20.Rc1 Qb7 21.Rxc8 Rxc8 22.f5 dxe5
23.Bxe5 Qxe4 24.fxe6 f5 25.Bd4 Nf4 26.Qf3 Qxf3 27.gxf3 Nxe6 28.Be5 g5 29.Rd1 Rd8
30.Rc1 Rd5 31.Rc8+ Kf7 32.Bc3 b4 33.Be1 a5 34.Nd2 Nf4 35.Kf1 a4 36.b3 axb3
37.axb3 Rd3 38.Rc7 Ke6 39.Rc6+ Kf7 40.Rc7 h5 41.Rb7 h4 42.Rb5 Bf6 43.Rxf5 Kg6
44.Rc5 Bc3 45.Ne4 Rxf3+ 46.Bf2 Nh3 47.Ke2 Rf4 48.Rc6+ Kh5 49.Re6 Rxf2+  0-1

[Event "Pardubice op"]
[Site "Pardubice"]
[Date "1995.??.??"]
[Round "?"]
[White "Moroz, Alexander"]
[Black "Schoen, Wolfram"]
[Result "1-0"]
[WhiteElo "2475"]
[BlackElo "2400"]

1.e4 c5 2.Nf3 Nc6 3.Nc3 d6 4.d4 cxd4 5.Nxd4 Nf6 6.Nb3 a6 7.f4 e6 8.Qf3 Be7
9.Bd3 Qc7 10.O-O O-O 11.Be3 b5 12.a4 b4 13.Ne2 Bb7 14.a5 e5 15.Ng3 exf4 16.Qxf4 Ne5
17.Bd4 Rfe8 18.Nf5 Bf8 19.Rae1 Nfd7 20.Re3 Re6 21.Rg3 Rg6 22.h4 Nf6 23.Rg5 h5
24.Ng3 Re8 25.Nxh5 Nxh5 26.Rxh5 Ree6 27.Rg5 Ref6 28.Qd2 Rxf1+ 29.Kxf1 Rxg5
30.Qxg5 Nxd3 31.cxd3 Qc2 32.Nc1 d5 33.e5 Bc8 34.Kg1 Qd1+ 35.Kh2 Qg4 36.Qxg4 Bxg4
37.Kg3 Bd1 38.Kf2 g6 39.Be3 Be7 40.g3 Kg7 41.Ke1 Bg4 42.Bg5 f6 43.exf6+ Bxf6
44.Bxf6+ Kxf6 45.d4 Bc8 46.Kf2 g5 47.Nd3 gxh4 48.gxh4 b3 49.Nc5  1-0

[Event "Passau op"]
[Site "Passau"]
[Date "1995.??.??"]
[Round "?"]
[White "Balashov, Yuri S"]
[Black "Sarre, Sascha"]
[Result "1-0"]
[WhiteElo "2505"]
[BlackElo "2125"]

1.e4 c5 2.Ne2 Nc6 3.Nbc3 a6 4.g3 d6 5.Bg2 Nf6 6.O-O g6 7.d4 cxd4 8.Nxd4 Bd7
9.a4 Bg7 10.Nde2 O-O 11.h3 Rc8 12.Nd5 Nxd5 13.exd5 Ne5 14.Ra2 Qc7 15.b3 f5
16.Be3 Qa5 17.f4 Nf7 18.Qe1 Qxe1 19.Rxe1 Rc7 20.a5 e5 21.dxe6 Bxe6 22.Bb6 Re7
23.c4 Rfe8 24.Nd4 Bxd4+ 25.Bxd4 Bc8 26.Rxe7 Rxe7 27.Kf2 Nd8 28.Rd2 Ne6 29.Bb6 Rd7
30.Bd5 Kf7 31.b4 Kf6 32.Re2 Re7 33.g4 h6 34.Bd8 Nxd8 35.g5+ hxg5 36.fxg5+ Kxg5
37.Rxe7 Nc6 38.Rc7  1-0

[Event "Passau op"]
[Site "Passau"]
[Date "1995.??.??"]
[Round "?"]
[White "Kovalev, Andrei"]
[Black "Votava, Jan"]
[Result "1-0"]
[WhiteElo "2545"]
[BlackElo "2395"]

1.e4 c5 2.Nf3 Nc6 3.Nc3 e5 4.Bc4 d6 5.d3 Be7 6.O-O Nf6 7.Ng5 O-O 8.f4 h6
9.Nf3 Be6 10.f5 Bxc4 11.dxc4 Nd4 12.Qd3 a6 13.a4 Qd7 14.a5 Bd8 15.Nd2 Rb8
16.Nd5 Nxd5 17.exd5 Bg5 18.Ne4 Bxc1 19.Raxc1 f6 20.Ra1 b5 21.axb6 Rxb6 22.b3 Ra8
23.g4 Kf8 24.Kg2 Ke7 25.Rf2 Qe8 26.h4 a5 27.Qd1 a4 28.bxa4 Rb4 29.c3 Rxc4
30.cxd4 Rxd4 31.Qc2 Qg8 32.Nc3 Rxg4+ 33.Kh3 h5 34.Rg2 g5 35.fxg6 Qc8 36.Kh2 Rxh4+
37.Kg1 Qh3 38.Ne2 Qe3+ 39.Kf1 Qf3+ 40.Rf2 Qxd5 41.Qf5 Qe6 42.Ng3 Rg4 43.Rb1 Qxf5
44.Nxf5+ Ke6 45.Rb6 Rxg6 46.Rxd6+ Kf7 47.Rb2 Ra7 48.Rbb6 h4 49.Nxh4 Rg4 50.Rxf6+ Ke8
51.Nf5 Rgxa4 52.Nd6+ Kd8 53.Nb7+  1-0

[Event "World op"]
[Site "Philadelphia"]
[Date "1995.??.??"]
[Round "7"]
[White "Savage, Allan G"]
[Black "Zisman, Boris"]
[Result "1-0"]
[WhiteElo "2295"]
[BlackElo "2295"]

1.Nc3 c5 2.e4 Nc6 3.Nge2 g6 4.d4 cxd4 5.Nxd4 Bg7 6.Nde2 Nf6 7.g3 O-O 8.Bg2 d6
9.O-O Bd7 10.h3 Rc8 11.a4 Qc7 12.Be3 Rfd8 13.Nb5 Qb8 14.Rc1 a6 15.Nbc3 b5
16.axb5 axb5 17.Nd5 Nxd5 18.exd5 Na5 19.Bd4 Bxd4 20.Nxd4 e5 21.dxe6 fxe6
22.h4 Re8 23.Bh3 Nc6 24.Re1 Nxd4 25.Qxd4 Qc7 26.Rcd1 d5 27.c3 Re7 28.Qf6 Rf7
29.Bxe6 Bxe6 30.Qxe6 Qc5 31.Qe3 Qc6 32.Qd4 Rcf8 33.f4 Rd8 34.Re5 Rfd7 35.Rde1 Qc4
36.Re8+ Kf7 37.Qh8 Qc5+ 38.Kg2 d4 39.Qxh7+ Kf6 40.R1e6+  1-0

[Event "World op"]
[Site "Philadelphia"]
[Date "1995.??.??"]
[Round "7"]
[White "Schwartz, Ylan"]
[Black "Beckman, Thomas J"]
[Result "1-0"]
[WhiteElo "2275"]
[BlackElo "2200"]

1.e4 c5 2.Nf3 Nc6 3.Nc3 Nf6 4.d4 cxd4 5.Nxd4 e5 6.Ndb5 d6 7.a4 a6 8.Na3 Bg4
9.Qd3 Nb4 10.Qg3 Be6 11.Bg5 Rc8 12.Bd3 Qb6 13.Rb1 Nd7 14.O-O h6 15.Be3 Qd8
16.f4 f6 17.Be2 Bf7 18.Qh3 g6 19.Rbd1 Qe7 20.fxe5 dxe5 21.Rxf6 Bg7 22.Rfd6 Rd8
23.Bg4  1-0

[Event "Polanica Zdroj op"]
[Site "Polanica Zdroj"]
[Date "1995.??.??"]
[Round "1"]
[White "Borkowski, Wieslaw"]
[Black "Stripunsky, Alexander"]
[Result "0-1"]
[WhiteElo "2165"]
[BlackElo "2495"]

1.Nc3 c5 2.e4 Nc6 3.Nge2 d6 4.d4 cxd4 5.Nxd4 e5 6.Nb3 Be7 7.Be2 h6 8.Nd5 Nf6
9.Nxf6+ Bxf6 10.Be3 Be6 11.Qd2 O-O 12.O-O Qe7 13.Rfd1 Rfd8 14.Bf3 Rac8 15.Nc1 Bg5
16.Bxg5 hxg5 17.c3 g4 18.Be2 d5 19.exd5 Rxd5 20.Qe1 Rcd8 21.Rxd5 Rxd5 22.Nb3 e4
23.Rd1 Rh5 24.Qd2 e3 25.fxe3 Qg5 26.e4 Qe5 27.Qd6 Qxe4 28.Qd8+ Nxd8 29.Rxd8+ Kh7
30.Bd3 Qxd3 31.Rxd3 Rb5 32.Nd4 Rxb2 33.Nxe6 fxe6 34.a4 Kg6 35.Rd7 a5 36.Rc7 b6
37.Rc6 Kf6 38.Rc4 Kf5 39.Rc7 g6 40.Rc4 e5 41.Kf1 e4 42.g3 Rxh2 43.Rc6 Rb2
44.c4 e3 45.c5 bxc5 46.Rxc5+ Ke4 47.Rc8 Kf3 48.Rf8+ Kxg3 49.Re8 Rb3 50.Ra8 Ra3  0-1

[Event "Polanica Zdroj op"]
[Site "Polanica Zdroj"]
[Date "1995.??.??"]
[Round "9"]
[White "Jaracz, Pawel"]
[Black "Pyda, Zbigniew"]
[Result "1-0"]
[WhiteElo "2395"]
[BlackElo "2300"]

1.e4 c5 2.Nc3 Nc6 3.Nge2 Nf6 4.g3 d5 5.exd5 Nxd5 6.Bg2 Nxc3 7.bxc3 g6 8.d4 cxd4
9.cxd4 Bg7 10.Be3 O-O 11.O-O Qa5 12.c3 Bg4 13.d5 Rad8 14.h3 Be6 15.c4 Bf5
16.g4 Bc8 17.Qb3 Bxa1 18.dxc6 Be5 19.cxb7 Bd7 20.Nf4 e6 21.Nd3 Bb8 22.Rb1 f5
23.c5 f4 24.Bd4 f3 25.Bf1 Rf7 26.Be5 Ba4 27.Qxe6 Re8 28.Qc4 Bd7 29.Bxb8 Rxb8
30.Ne5 Be8 31.Nxf7 Bxf7 32.Qe4 Qc7 33.c6 a5  1-0

[Event "POR-ch"]
[Site "POR"]
[Date "1995.??.??"]
[Round "2"]
[White "Reis, Luis Sousa"]
[Black "Costa, Paulo"]
[Result "1-0"]
[WhiteElo "2175"]
[BlackElo "2235"]

1.e4 c5 2.Nc3 Nc6 3.Nge2 d6 4.d4 cxd4 5.Nxd4 Nf6 6.Be2 e5 7.Nb3 Be7 8.O-O O-O
9.Be3 Be6 10.f4 exf4 11.Rxf4 d5 12.exd5 Nxd5 13.Nxd5 Qxd5 14.Qxd5 Bxd5 15.c4 Be6
16.Nc5 Bxc5 17.Bxc5 Rfd8 18.Rd1 Rxd1+ 19.Bxd1 Ne5 20.Be2 Rc8 21.Bxa7 Nxc4
22.Bxc4 Bxc4 23.a3 b5 24.Bd4 f6 25.Bc3 Rd8 26.Kf2 Kf7 27.a4 Rd1 28.Rh4 Kg6
29.a5 f5 30.Rh3 f4 31.Kf3 Kf5 32.g4+ fxg3 33.hxg3 g5 34.Rxh7 g4+ 35.Kf2 Rf1+
36.Kg2 Rf3 37.Rh5+ Kg6 38.Re5 Bf1+ 39.Kg1 Bh3 40.Re6+ Kg5 41.Be1 Bf1 42.a6 Rf8
43.a7 Bc4 44.Re5+ Kg6 45.Bb4 Rd8 46.Kf2 Kf6 47.Bc3 Kf7 48.Ke3 Ra8 49.Bd4 b4
50.Ra5 b3 51.Be5 Kg6 52.Bb8 Kf6 53.Kf4 Be2 54.Rg5 Bd1 55.Rxg4  1-0

[Event "CZE Tschechien-ch"]
[Site "Prague"]
[Date "1995.??.??"]
[Round "?"]
[White "Chloupek, Stanislav"]
[Black "Orsag, Milan"]
[Result "0-1"]
[WhiteElo "2305"]
[BlackElo "2415"]

1.e4 c5 2.Nc3 Nc6 3.Bb5 Nd4 4.a4 e6 5.Nge2 a6 6.Bc4 Qc7 7.d3 Nc6 8.f4 d6
9.O-O Nf6 10.f5 Ne5 11.Ba2 Bd7 12.Bg5 Be7 13.Nf4 Qc8 14.Nh5 Nxh5 15.Bxe7 Kxe7
16.Qxh5 Qg8 17.fxe6 fxe6 18.Nd1 g5 19.Ne3 Qg6 20.Qe2 g4 21.c3 Nf3+ 22.Rxf3 gxf3
23.Qxf3 Raf8 24.Qe2 Qg5 25.a5 Rf7 26.Rf1 Rxf1+ 27.Kxf1 Rf8+ 28.Kg1 Be8 29.Bb3 h6
30.Bc2 Bh5 31.g4 Bxg4 32.Nxg4 h5 33.h3 hxg4 34.hxg4 Qf4 35.Kg2 Rh8  0-1

[Event "CZE Tschechien-ch"]
[Site "Prague"]
[Date "1995.??.??"]
[Round "?"]
[White "Hausner, Ivan"]
[Black "Szirmai, Emil"]
[Result "1-0"]
[WhiteElo "2455"]
[BlackElo "2245"]

1.e4 c5 2.Nc3 Nc6 3.Nge2 Nf6 4.d4 cxd4 5.Nxd4 e5 6.Ndb5 d6 7.Bg5 a6 8.Na3 Be6
9.Nc4 Rc8 10.Bxf6 Qxf6 11.Nb6 Rb8 12.Bd3 Qg5 13.O-O Be7 14.Ncd5 Bxd5 15.Nxd5 Bd8
16.c3 O-O 17.Qb3 Ne7 18.Bxa6 Nxd5 19.exd5 f5 20.Rfe1 e4 21.Bf1 Bf6 22.a4 Be5
23.a5 Qh6 24.g3 f4 25.Rxe4 fxg3 26.fxg3 Rf3 27.Qc2 Rbf8 28.Bg2 R3f5 29.Rf1 Rxf1+
30.Bxf1 Qf6 31.Qe2 Rf7 32.Qg4 Qh6 33.Qc8+ Rf8 34.Qe6+ Rf7 35.Qxh6 gxh6 36.Bh3 Kf8
37.Rh4 Kg7 38.Be6 Re7 39.Rb4 Kf6 40.Kf2 h5 41.Kf3 h6 42.h3 Rg7 43.g4 h4 44.Rc4 Bg3
45.b4  1-0

[Event "CZE Moravia-ch"]
[Site "Prerov"]
[Date "1995.??.??"]
[Round "3"]
[White "Sikora, Jan"]
[Black "Fiala, Jaroslav"]
[Result "1-0"]
[WhiteElo "2130"]
[BlackElo "2255"]

1.e4 c5 2.Nc3 Nc6 3.Nf3 d6 4.d4 cxd4 5.Nxd4 Nf6 6.Be3 e6 7.Qd2 Be7 8.f3 O-O
9.g4 a6 10.O-O-O Qc7 11.h4 b5 12.Nxc6 Qxc6 13.h5 Bb7 14.g5 Nd7 15.g6 b4 16.Ne2 Qa4
17.Kb1 Rac8 18.Nd4 Ne5 19.h6 Bf6 20.hxg7 Bxg7 21.gxh7+ Kh8 22.Bh6 Ng6 23.Bxg7+ Kxg7
24.Bd3 Qd7 25.Rdg1 Kh8 26.Qh6 a5 27.f4 a4 28.Rh2 b3 29.axb3 axb3 30.Nxb3 Ra8
31.f5 exf5 32.exf5  1-0

[Event "CZE Moravia-ch"]
[Site "Prerov"]
[Date "1995.??.??"]
[Round "7"]
[White "Sikora, Jan"]
[Black "Kutynec, Vladimir"]
[Result "1-0"]
[WhiteElo "2130"]
[BlackElo "2290"]

1.e4 c5 2.Nf3 Nc6 3.Nc3 g6 4.d4 cxd4 5.Nxd4 Bg7 6.Be3 Nf6 7.Nxc6 bxc6 8.e5 Ng8
9.f4 f6 10.Bd4 Qa5 11.Qd2 fxe5 12.fxe5 c5 13.Be3 Bxe5 14.Bc4 Nf6 15.O-O Bb7
16.Rae1 O-O-O 17.Nd5 Qxd2 18.Nxe7+ Kb8 19.Bxd2 Ne4 20.Bf4 Bxf4 21.Rxf4 Nd6
22.Bd5 Rde8 23.Bxb7 Kxb7 24.Rf2 Nf5 25.Rfe2 Rhf8 26.Nxf5 Rxe2 27.Rxe2 Rxf5
28.Re7 Rd5 29.Rxh7 Rd2 30.c4 Kc7 31.Rg7 Rxb2 32.Rxg6 Rc2 33.Rg4 Rxa2 34.h4 Ra1+
35.Kh2 a5 36.h5 Re1 37.h6 Re8 38.Rg5 Kc6 39.g4 a4 40.Rg6+ d6 41.g5 a3 42.Rf6 Kd7
43.g6 a2 44.Rf1 Rh8 45.h7 Ke6 46.Kh3 a1=Q 47.Rxa1 Kf6 48.Rg1 Kg7 49.Kh4 Re8
50.Kh5 Re5+ 51.Rg5 Re1 52.Kg4 Re4+ 53.Kf5 Re8 54.Kf4 Re7 55.Rh5 Kh8 56.Rd5 Rd7
57.Kf5 Rd8 58.Ke6 Rf8 59.Rxd6 Kg7 60.Kd5 Rf5+ 61.Kc6 Rh5 62.Rd8  1-0

[Event "CZE Moravia-ch"]
[Site "Prerov"]
[Date "1995.??.??"]
[Round "7"]
[White "Sikora Lerch, Jan"]
[Black "Klima, Lukas"]
[Result "1/2-1/2"]
[WhiteElo "2415"]
[BlackElo "2235"]

1.e4 c5 2.Ne2 Nc6 3.Nbc3 d6 4.d4 cxd4 5.Nxd4 e5 6.Nde2 Nf6 7.Ng3 Be7 8.Bg5 Be6
9.Bxf6 Bxf6 10.Nd5 O-O 11.Nxf6+ Qxf6 12.Qxd6 Rfd8 13.Qa3 h5 14.Bd3 h4 15.Ne2 Qg5
16.g3 Bg4 17.gxh4 Qh6 18.Rg1 Bxe2 19.Bxe2 Nd4 20.Bd1 Nxc2+ 21.Bxc2 Qd2+ 22.Kf1 Qxc2
23.Qg3 Qc4+ 24.Kg2 Qxe4+ 25.f3 Qf4 26.Qxf4 exf4 27.Kh3 Rd2 28.Rg4 Re8 29.Rag1 g6
30.R1g2 Ree2 31.Rxe2 Rxe2 32.h5  1/2-1/2

[Event "CRO-Cup"]
[Site "Pula"]
[Date "1995.??.??"]
[Round "4"]
[White "Orak, Ljubomir"]
[Black "Novak, Danijel"]
[Result "0-1"]
[WhiteElo "2285"]
[BlackElo "2310"]

1.e4 c5 2.Nf3 Nc6 3.Nc3 d6 4.d4 cxd4 5.Nxd4 Nf6 6.Bg5 e6 7.Qd2 a6 8.O-O-O h6
9.Be3 Bd7 10.f4 b5 11.Bd3 Nxd4 12.Bxd4 b4 13.Ne2 Qa5 14.Kb1 e5 15.Bf2 Be7
16.a3 Rb8 17.Be1 O-O 18.axb4 Qb6 19.c4 Rfc8 20.Rc1 Bc6 21.Ng3 Nd7 22.Nf5 Bf8
23.Rf1 Qb7 24.Qe2 g6 25.Ng3 exf4 26.Rxf4 Ne5 27.Bc2 Bd7 28.Bb3 Be6 29.Nf1 Bg7
30.g4 Nc6  0-1

[Event "Riga op"]
[Site "Riga"]
[Date "1995.??.??"]
[Round "?"]
[White "Berzinsh, Roland"]
[Black "Petkevich, Jusefs"]
[Result "1-0"]
[WhiteElo "2430"]
[BlackElo "2460"]

1.e4 c5 2.Nc3 Nc6 3.Nge2 e5 4.Nd5 d6 5.Nec3 a6 6.a3 Rb8 7.b4 cxb4 8.axb4 b5
9.g3 g6 10.Bg2 Bg7 11.d3 h6 12.Be3 Nge7 13.Qd2 Nd4 14.Nxe7 Qxe7 15.Nd5 Qd8
16.O-O Bb7 17.Ra2 Ne6 18.c3 Nc7 19.f4 exf4 20.Bxf4 g5 21.Be3 Nxd5 22.exd5 O-O
23.c4 Rc8 24.Rc2 Qd7 25.h4 Qg4 26.hxg5 Rfe8 27.Bf2 hxg5 28.Qd1 Qf5 29.Qf3 Qd7
30.c5 dxc5 31.bxc5 g4 32.c6 gxf3 33.cxd7 fxg2 34.Rfc1 Rcd8 35.dxe8=Q+ Rxe8
36.d6 f6 37.Rc7 Bd5 38.Rc8  1-0

[Event "Riga op"]
[Site "Riga"]
[Date "1995.??.??"]
[Round "?"]
[White "Berzinsh, Roland"]
[Black "Kveinys, Aloyzas"]
[Result "0-1"]
[WhiteElo "2430"]
[BlackElo "2525"]

1.e4 c5 2.Nc3 Nc6 3.Nge2 e6 4.d4 d5 5.exd5 exd5 6.Be3 c4 7.g3 Bb4 8.Bg2 Nge7
9.O-O Bg4 10.h3 Bh5 11.a3 Ba5 12.Qd2 f6 13.Nf4 Bf7 14.b4 Bc7 15.Rfe1 g5 16.Nfe2 Qd7
17.Rab1 Be6 18.Nb5 Bb8 19.Kh2 Nd8 20.a4 Nf7 21.Rf1 h5 22.f4 h4 23.g4 f5 24.Kg1 fxg4
25.f5 Nxf5 26.Nec3 gxh3 27.Rxf5 hxg2 28.Rf6 h3 29.Re1 h2+ 30.Kxg2 h1=Q+ 31.Rxh1 Bh3+
32.Kf2 Bg3+ 33.Kxg3 Qg4+ 34.Kf2 Qg2+ 35.Ke1 Qxh1+  0-1

[Event "Sala op"]
[Site "Sala"]
[Date "1995.??.??"]
[Round "4"]
[White "Valach, Boris"]
[Black "Dobrotka, Martin"]
[Result "0-1"]
[WhiteElo "2090"]
[BlackElo "2255"]

1.e4 c5 2.Nf3 Nc6 3.Nc3 d6 4.d4 cxd4 5.Nxd4 e5 6.Nf3 Nf6 7.Be3 Be7 8.h3 O-O
9.Bc4 a6 10.O-O b5 11.Bb3 Bb7 12.Re1 Rc8 13.a3 Na5 14.Bd5 Nxd5 15.Nxd5 Bxd5
16.exd5 f5 17.b3 Bf6 18.Bc1 Qc7 19.Re2 e4 20.Nd4 Qc3 21.Nxf5 Qxa1 22.Nxd6 Nxb3
23.Re1 Qxc1 24.Nxc8 Qxd1 25.Rxd1 Rxc8 26.cxb3 Rc3  0-1